000 00844aam a2200277 4500
005 20210624143519.0
008 160727b xxu||||| |||| 00| 0 spa d
041 _aSPA
082 _a658 Ch532i
100 _aChiavenato, Idalberto
_93032
245 _aIntroducción a la teoría general de la administración
250 _a3 ed.
260 _aMéxico
_bMcGraw-Hill
300 _a687 páginas
650 _aADMINISTRACIÓN
_9268
650 _aTAYLOR, FREDERICK
_912676
650 _aFAYOL, HENRI
_912675
650 _aTEORÍA ESTRUCTURALISTA
_960657
650 _aESCUELA NEOCLÁSICA
_912322
650 _aENFOQUE ESTRUCTURALISTA
_912324
650 _aESCUELA SISTEMÁTICA
_912680
650 _aDESARROLLO ORGANIZACIONAL
_93391
650 _aADMINISTRACIÓN POR OBJETIVOS
_960658
650 _aTEORÍA DE SISTEMA
_912682
942 _cBK
999 _c3369
_d3369